<?xml version="1.0" encoding="UTF-8"?>
<record
    xmlns:xsi="http://www.w3.org/2001/XMLSchema-instance"
    xsi:schemaLocation="http://www.loc.gov/MARC21/slim http://www.loc.gov/standards/marcxml/schema/MARC21slim.xsd"
    xmlns="http://www.loc.gov/MARC21/slim">

  <leader>00669nam a22002057a 4500</leader>
  <controlfield tag="003">OSt</controlfield>
  <controlfield tag="005">20150408114118.0</controlfield>
  <controlfield tag="008">130211s2009    ku o   g |||| 00| 0 ara d</controlfield>
  <datafield tag="020" ind1=" " ind2=" ">
    <subfield code="a">9789990668834</subfield>
  </datafield>
  <datafield tag="040" ind1=" " ind2=" ">
    <subfield code="a">MU</subfield>
    <subfield code="b">ara</subfield>
  </datafield>
  <datafield tag="082" ind1="0" ind2="4">
    <subfield code="2">21</subfield>
    <subfield code="a">418.4</subfield>
    <subfield code="b">&#x62E; &#x64A; &#x627;</subfield>
  </datafield>
  <datafield tag="100" ind1="1" ind2=" ">
    <subfield code="a">&#x627;&#x644;&#x62E;&#x636;&#x631;&#x60C; &#x64A;&#x648;&#x633;&#x641;</subfield>
    <subfield code="9">21460</subfield>
  </datafield>
  <datafield tag="245" ind1="1" ind2="0">
    <subfield code="a">&#x627;&#x642;&#x631;&#x623; &#x643;&#x62A;&#x627;&#x628;&#x627; &#x641;&#x64A; &#x633;&#x627;&#x639;&#x629; &#x628;&#x623;&#x633;&#x644;&#x648;&#x628; &#x627;&#x644;&#x642;&#x631;&#x627;&#x621;&#x629; &#x627;&#x644;&#x62A;&#x635;&#x648;&#x64A;&#x631;&#x64A;&#x629; /</subfield>
    <subfield code="c">&#x64A;&#x648;&#x633;&#x641; &#x627;&#x644;&#x62E;&#x636;&#x631;.</subfield>
  </datafield>
  <datafield tag="250" ind1=" " ind2=" ">
    <subfield code="a">&#x637;. 1.</subfield>
  </datafield>
  <datafield tag="260" ind1=" " ind2=" ">
    <subfield code="a">&#x62D;&#x648;&#x644;&#x64A;&#x60C; &#x627;&#x644;&#x643;&#x648;&#x64A;&#x62A; :</subfield>
    <subfield code="b">&#x62F;&#x627;&#x631; &#x627;&#x642;&#x631;&#x623;&#x60C;</subfield>
    <subfield code="c">2009.</subfield>
  </datafield>
  <datafield tag="300" ind1=" " ind2=" ">
    <subfield code="a">199 &#x635;. :</subfield>
    <subfield code="b">&#x635;&#x648;&#x631; &#x61B;</subfield>
    <subfield code="c">24 &#x633;&#x645;.</subfield>
  </datafield>
  <datafield tag="650" ind1=" " ind2="4">
    <subfield code="a">&#x627;&#x644;&#x642;&#x631;&#x627;&#x621;&#x629;.</subfield>
  </datafield>
  <datafield tag="650" ind1=" " ind2="4">
    <subfield code="a">&#x627;&#x644;&#x642;&#x631;&#x627;&#x621;&#x629;</subfield>
    <subfield code="x">&#x62F;&#x631;&#x627;&#x633;&#x629; &#x648;&#x62A;&#x639;&#x644;&#x64A;&#x645;.</subfield>
    <subfield code="9">12666</subfield>
  </datafield>
  <datafield tag="942" ind1=" " ind2=" ">
    <subfield code="2">ddc</subfield>
    <subfield code="c">DVD</subfield>
  </datafield>
  <datafield tag="999" ind1=" " ind2=" ">
    <subfield code="c">27952</subfield>
    <subfield code="d">262452</subfield>
  </datafield>
  <datafield tag="952" ind1=" " ind2=" ">
    <subfield code="1">0</subfield>
    <subfield code="2">2013-03-10</subfield>
    <subfield code="4">0</subfield>
    <subfield code="7">0</subfield>
    <subfield code="a">418.4 &#x62E; &#x64A; &#x627;</subfield>
    <subfield code="c">&#x646; 1</subfield>
    <subfield code="d">2013-02-11</subfield>
    <subfield code="h">CL</subfield>
    <subfield code="i">00111030</subfield>
    <subfield code="m">CL</subfield>
    <subfield code="r">2013-03-10 00:00:00</subfield>
    <subfield code="t">BOOK</subfield>
    <subfield code="w">ddc</subfield>
    <subfield code="y">0</subfield>
  </datafield>
  <datafield tag="952" ind1=" " ind2=" ">
    <subfield code="1">0</subfield>
    <subfield code="2">2013-03-10</subfield>
    <subfield code="4">0</subfield>
    <subfield code="7">0</subfield>
    <subfield code="a">418.4 &#x62E; &#x64A; &#x627;</subfield>
    <subfield code="c">&#x646; 2</subfield>
    <subfield code="d">2013-02-11</subfield>
    <subfield code="h">CL</subfield>
    <subfield code="i">00111031</subfield>
    <subfield code="m">CL</subfield>
    <subfield code="r">2013-03-10 00:00:00</subfield>
    <subfield code="t">BOOK</subfield>
    <subfield code="w">ddc</subfield>
    <subfield code="y">0</subfield>
  </datafield>
  <datafield tag="952" ind1=" " ind2=" ">
    <subfield code="1">0</subfield>
    <subfield code="2">2013-03-10</subfield>
    <subfield code="4">0</subfield>
    <subfield code="7">0</subfield>
    <subfield code="a">418.4 &#x62E; &#x64A; &#x627;</subfield>
    <subfield code="c">&#x646; 3</subfield>
    <subfield code="d">2013-02-11</subfield>
    <subfield code="h">CL</subfield>
    <subfield code="i">00111032</subfield>
    <subfield code="m">CL</subfield>
    <subfield code="r">2013-03-10 00:00:00</subfield>
    <subfield code="t">BOOK</subfield>
    <subfield code="w">ddc</subfield>
    <subfield code="y">0</subfield>
  </datafield>
  <datafield tag="952" ind1=" " ind2=" ">
    <subfield code="1">0</subfield>
    <subfield code="2">2013-03-10</subfield>
    <subfield code="4">0</subfield>
    <subfield code="7">0</subfield>
    <subfield code="a">418.4 &#x62E; &#x64A; &#x627;</subfield>
    <subfield code="c">&#x646; 1</subfield>
    <subfield code="d">2013-02-11</subfield>
    <subfield code="h">EZF</subfield>
    <subfield code="i">00111033</subfield>
    <subfield code="m">SZM</subfield>
    <subfield code="q">2017-10-25</subfield>
    <subfield code="r">2017-10-30 00:00:00</subfield>
    <subfield code="t">BOOK</subfield>
    <subfield code="w">ddc</subfield>
    <subfield code="y">1</subfield>
  </datafield>
  <datafield tag="952" ind1=" " ind2=" ">
    <subfield code="1">0</subfield>
    <subfield code="2">2013-03-10</subfield>
    <subfield code="4">0</subfield>
    <subfield code="7">0</subfield>
    <subfield code="a">418.4 &#x62E; &#x64A; &#x627;</subfield>
    <subfield code="c">&#x646; 2</subfield>
    <subfield code="d">2013-02-11</subfield>
    <subfield code="h">SZM</subfield>
    <subfield code="i">00111034</subfield>
    <subfield code="m">SZM</subfield>
    <subfield code="r">2013-03-10 00:00:00</subfield>
    <subfield code="t">BOOK</subfield>
    <subfield code="w">ddc</subfield>
    <subfield code="y">0</subfield>
  </datafield>
  <datafield tag="952" ind1=" " ind2=" ">
    <subfield code="1">0</subfield>
    <subfield code="2">2013-03-10</subfield>
    <subfield code="4">0</subfield>
    <subfield code="7">0</subfield>
    <subfield code="a">418.4 &#x62E; &#x64A; &#x627;</subfield>
    <subfield code="c">&#x646; 1</subfield>
    <subfield code="d">2013-02-11</subfield>
    <subfield code="h">SRF</subfield>
    <subfield code="i">00111035</subfield>
    <subfield code="m">SRF</subfield>
    <subfield code="r">2013-03-10 00:00:00</subfield>
    <subfield code="t">BOOK</subfield>
    <subfield code="w">ddc</subfield>
    <subfield code="y">0</subfield>
  </datafield>
  <datafield tag="952" ind1=" " ind2=" ">
    <subfield code="1">0</subfield>
    <subfield code="2">2013-03-10</subfield>
    <subfield code="4">0</subfield>
    <subfield code="7">0</subfield>
    <subfield code="a">418.4 &#x62E; &#x64A; &#x627;</subfield>
    <subfield code="c">&#x646; 2</subfield>
    <subfield code="d">2013-02-11</subfield>
    <subfield code="h">SRF</subfield>
    <subfield code="i">00111036</subfield>
    <subfield code="m">SRF</subfield>
    <subfield code="r">2013-03-10 00:00:00</subfield>
    <subfield code="t">BOOK</subfield>
    <subfield code="w">ddc</subfield>
    <subfield code="y">0</subfield>
  </datafield>
  <datafield tag="952" ind1=" " ind2=" ">
    <subfield code="1">0</subfield>
    <subfield code="2">2013-03-10</subfield>
    <subfield code="4">0</subfield>
    <subfield code="7">0</subfield>
    <subfield code="a">418.4 &#x62E; &#x64A; &#x627;</subfield>
    <subfield code="c">&#x646; 1</subfield>
    <subfield code="d">2013-02-11</subfield>
    <subfield code="h">SRM</subfield>
    <subfield code="i">00111037</subfield>
    <subfield code="m">SRM</subfield>
    <subfield code="r">2013-03-10 00:00:00</subfield>
    <subfield code="t">BOOK</subfield>
    <subfield code="w">ddc</subfield>
    <subfield code="y">0</subfield>
  </datafield>
  <datafield tag="952" ind1=" " ind2=" ">
    <subfield code="1">0</subfield>
    <subfield code="2">2013-03-10</subfield>
    <subfield code="4">0</subfield>
    <subfield code="7">0</subfield>
    <subfield code="a">418.4 &#x62E; &#x64A; &#x627;</subfield>
    <subfield code="c">&#x646; 2</subfield>
    <subfield code="d">2013-02-11</subfield>
    <subfield code="h">SRM</subfield>
    <subfield code="i">00111038</subfield>
    <subfield code="m">SRM</subfield>
    <subfield code="r">2013-03-10 00:00:00</subfield>
    <subfield code="t">BOOK</subfield>
    <subfield code="w">ddc</subfield>
    <subfield code="y">0</subfield>
  </datafield>
</record>
